00807nam a2200193Ia 4500003000400000005001700004008004100021020001800062040002100080041000800101082001400109100003400123245005200157260003500209300002900244500005200273520026600325650002200591OSt20250505103959.0191128s2014 ck er 000 f spa d a9789587587050 aCO-JMCRcCO-JMCR aspa04aA-NbSILl1 aSilva Romero, Ricardo,eautor13aEl libro de la envidia / cRicardo Silva Romero aBogotá : bAlfaguara, c2014 a525 páginas ; c23 cm. aIncluye datos biográficos del autor en solapa aEn la Bogotá de 1896, tras la muerte de Silva, el loco Cacanegra, un popular personaje de las calles de la cuidad que se dedican a cuidar niños y hacer mandados, se levantan todos los días para vivie la misma aventura: demostrarles a los diferentes bogot14aNovela colombiana